Human freedom and environment : (Record no. 59958)

MARC details
000 -LEADER
fixed length control field 00809nam a22002297a 4500
005 - DATE AND TIME OF LATEST TRANSACTION
control field 20130719111918.0
010 ## - LCCN (DPL NO)
LC control number ENG-104490
020 ## - INTERNATIONAL STANDARD BOOK NUMBER
International Standard Book Number 9788178358147
Terms of availability 750.00
035 ## - SYSTEM CONTROL NUMBER
System control number EN-88023
035 ## - SYSTEM CONTROL NUMBER
System control number B-491420
037 ## - SOURCE OF ACQUISITION
Source of stock number/acquisition DBAD/PUB
037 ## - SOURCE OF ACQUISITION
Source of stock number/acquisition Literacy House/Ven
082 ## - DEWEY DECIMAL CLASSIFICATION NUMBER
Classification number 304.20954
245 00 - TITLE STATEMENT
Title Human freedom and environment :
Statement of responsibility, etc edited by Indoo Pandey Khanduri
Remainder of title contemporary paradigms and moral strategies /
260 ## - PUBLICATION, DISTRIBUTION, ETC. (IMPRINT)
Place of publication, distribution, etc Delhi
Name of publisher, distributor, etc Kalpaz Publications
Date of publication, distribution, etc 2010
270 ## - ADDRESS
Address C-30, Satyawati Nagar,
City Delhi
Postal code 110052
300 ## - PHYSICAL DESCRIPTION
Extent 327p.
Dimensions 22cm (Hb)
500 ## - GENERAL NOTE
General note Includes index
700 ## - ADDED ENTRY--PERSONAL NAME
Personal name Khanduri, Indoo Pandey
9 (RLIN) 37565
942 ## - ADDED ENTRY ELEMENTS (KOHA)
Source of classification or shelving scheme Dewey Decimal Classification
Item type English Books
Call number suffix HUM
Classification part 304.20954
Holdings
Withdrawn status Lost status Not for loan Collection code Home library Current library Date acquired Source of acquisition Cost, normal purchase price Full call number Barcode Copy number Cost, replacement price Koha item type
    Not For Loan Non-fiction D.B.Act.Division D.B.Act.Division 26/12/2011 DBAD / PUB 750.00 304.20954 HUM EN-88023 1 750.00 English Books
      Non-fiction Patel Nagar Patel Nagar 19/07/2013 Literacy House/414/13/11.01.2013/22/18.12.2012/18.01.2013 750.00 304.20954 HUM B-491420 1 750.00 English Books

© Delhi Public Library
Hit Counter
free hit counter